000 01100nas a2200361 4500
001 BR0302785
003 BR-BrBNA
005 20231205103833.0
007 ta
008 230509b bl.|||p| |||| 00| 00por d
040 _aBR-BrBNA
_bpor
_cBiblioteca Nacional de Agricultura
041 _a(Pt)
072 _aF08; F04; F07
100 1 _aSpagnello, E.
100 1 _aBayer, C.
100 1 _aWildner, L.P.
100 1 _aErnani, P.R.
100 1 _aAlbuquerque, J.A.
100 1 _aProença, M.M.
245 1 _aLeguminosas estivais intercalares como fonte do nitrogênio para o milho no Sul do Brasil
650 _aMILHO
650 _aPRODUÇÃO VEGETAL
650 _aLEGUMINOSA FORRAGEIRA
650 _aCULTIVO INTERCALADO
650 _aFERTILIZANTE NITROGENADO
650 _aRENDIMENTO
650 _aCOBERTURA DO SOLO
650 _aCONSERVAÇÃO DO SOLO
650 _aREGIÃO SUL
773 0 _tRevista Brasileira de Ciência do Solo (Brazil)
_xISSN 0100-0683
_g(Apr-Jun 2002), v. 26(2) p. 417-423
_wBR0302785
909 _a202311
_bLúcia
_c55
_dLúcia Elande
942 _2AGRIS
_n0
_cANA
999 _c174986
_d174986